Statistics for Colors by Alternate Definition

Click here to take the quiz!

General Stats

  • This quiz has been taken 44,162 times
    (19,544 since last reset)
  • The average score is 16 of 23

Answer Stats

Definition Word % Correct
Type of citrusOrange
99%
DepressedBlue
96%
Element with symbol AuGold
94%
Element with symbol AgSilver
94%
CowardlyYellow
92%
InexperiencedGreen
90%
Type of fishSalmon
84%
Branch of the militaryNavy
83%
Tusk productIvory
81%
Type of gemstoneRuby
76%
Staple cropMaize/Corn
73%
Type of gemstoneEmerald
73%
To strand on a deserted islandMaroon
73%
Ornamental rock, popular in ChinaJade
67%
Type of vegetableEggplant
62%
Fossilized resinAmber
62%
Catholic officialCardinal
58%
Type of mineral and gemTurquoise
56%
To soak up the raysTan
56%
Variety of quartzAmethyst
36%
Type of duckTeal
32%
Type of fruitOlive
28%
French liqueurChartreuse
17%

Score Distribution

Percentile by Number Answered

Percent of People with Each Score

Your Score History

You have not taken this quiz since the last reset